World leaders: one word clue - Statistics

General Stats
  • This quiz has been taken 27 times
  • The average score is 7 of 12
Answer Stats
Hint Answer % Correct
W George Bush
88%
Manbaby Donald Trump
83%
Glasnost Mikhail Gorbachev
83%
Willie Bill Clinton
75%
Iron Margaret Thatcher/Benazir Bhutto
71%
Peanuts Jimmy Carter
58%
Rocket Kim Jong-un
58%
Bruni Nicolas Sarkozy
54%
Topless Vladimir Putin
54%
Manu Emmanuel Macron
33%
Playboy Silvio Berlusconi
17%
Flashman David Cameron
13%
No matching quizzes found
Score Distribution
Percent of People with Each Score
Percentile by Number Answered
Your Score History
You have not taken this quiz